| 000 | 01009nam a22003137a 4500 | ||
|---|---|---|---|
| 003 | CHAP | ||
| 005 | 20220329143631.0 | ||
| 008 | 101029s2008 it a rn 00010 spa d | ||
| 010 | _a99635 | ||
| 011 | _a100607 | ||
| 020 | _a9789253054213 | ||
| 035 | _a111293 | ||
| 040 | _cCHAP | ||
| 082 | 0 | 4 |
_a636.08 _bF35 2006 |
| 110 | 2 |
_aFAO. División de Producción y Sanidad Animal _939525 |
|
| 245 | 1 | 0 |
_aInforme pecuario _c/por FAO. División de Producción y Sanidad Animal |
| 260 |
_aRoma : _bFAO, _c2006- |
||
| 300 |
_av. : _bilus., gráfs. |
||
| 500 | _aLa biblioteca tiene: 2006 | ||
| 590 |
_aBATCH-UPD _b10 _c20130110 _lUCH01 _h1220 |
||
| 590 |
_aBATCH-UPD _b10 _c20130410 _lUCH01 _h0755 |
||
| 590 |
_aBATCH-UPD _b10 _c20130914 _lUCH01 _h1504 |
||
| 590 |
_aCONVERSION _b10 _c20130109 _lUCH01 _h1355 |
||
| 650 | 1 | 4 |
_aGanadería _xInvestigación. _944756 |
| 650 | 1 | 4 |
_aGanado _xProducción. _944945 |
| 901 | _aBK | ||
| 942 | _cLIBRO | ||
| 949 |
_a636.08 F35 _bBC _cFAO _d33724002079728 _eFAO1 _f2006 _h113659 _i111293 _si |
||
| 999 |
_c99635 _d99635 |
||